The new theatre of Europe 2

Сохранить в:
Библиографические подробности
Другие авторы: Corrigan, Robert W. (Редактор)
Формат: Неизвестно
Язык:English
Опубликовано: New York, Estados Unidos A Delta Book c1965-
Предметы:
Метки: Добавить метку
Нет меток, Требуется 1-ая метка записи!

MARC

LEADER 000000000a22000000004500
001 000999
003 CIICLA
005 20140806081448.0
008 131126s1965 nyu||||f |||| 00| 0 eng d
040 |a cru CIICLA Universidad de Costa Rica  |c cru CIICLA Universidad de Costa Rica 
041 0 |a inglés 
082 |a 792  |b N532n  
245 1 4 |a The new theatre of Europe 2  |c edited with an introduction by Robert W. Corrigan 
260 |a New York, Estados Unidos   |b A Delta Book  |c c1965- 
300 |a volúmenes 
500 |a Número de inscripción 9602 volumen 2 Colección (George Yúdice) 
505 |a Mother courage   |r Bertolt Brecht 
505 |a The wicked cooks   |r Gunther Grass 
505 |a Vasco   |r Georges Schehadé 
505 |a The cage   |r Mario Fratti 
505 |a The suicide   |r Mario Fatti 
650 4 |a TEATRO  |z EUROPA 
700 1 2 |a Corrigan, Robert W.  |e editor 
942 |2 ddc  |c BK 
999 |c 2126  |d 2126